000 00640nam a22001817a 4500
003 OSt
005 20260515052846.0
008 260505b |||||||| |||| 00| 0 eng d
020 _a978-971-699-436-0
040 _aDWCL-Main Lib
_cOC
082 _aFil. 909 G983w 2008
100 _aGutierrez, Leovigilda G. / jamora, August M. / Omana, Zenaida C.
245 _aWorkteks sa araling panlipunan III :
_bkasaysayan ng daigdig /
_cLeovigilda G. Gutierrez
260 _aManila :
_bInnovative Educational Materials, Inc.,
_cc2008
300 _av, 190 p. :
_bill. ;
_c27 cm.
650 _aKasaysayan ng daigdig
942 _2ddc
_cBK - FIL
_mFil.
_n0
999 _c10255
_d10255